MARC

LEADER 00000nab a2200000 a 4500
001 vtls008186750
003 SK-MaSNL
005 20260304182601.0
008 250505c2005 xo |||||||| |00 b|slo
015 |a SNBRB2005/07  |2 snkbucl 
035 |a (uuid)5ef10c0d-04ce-4400-830c-fc62ec614a1c 
035 |a urn:nbn:sk:snk-ab7hsy 
035 |a (urnnbn)urn:nbn:sk:snk:ar-005t5x 
038 |a SNKBUCL 
040 |a SNKBUCL  |b slo  |c SNKBUCL  |e AACR2 
041 0 |a slo 
044 |a xo  |c SK 
080 |a 94(437.6):911.375  |2 1997 
080 |a 94(438):911.375  |2 1997 
080 |a 911.375  |x (437.6)  |2 1997 
080 |a 911.375  |x (438)  |2 1997 
080 |a 930.1:061.22  |x (427.6:438)  |2 1997 
100 1 |a Fábrová, Karin,  |d 1973-  |4 aut  |9 342094 
245 1 0 |a Genéza miest na Slovensku a v Malopoľsku  |c Karin Fábrová 
610 2 7 |a Slovensko-poľská komisia historikov  |x zasadanie  |y 26.-28.10.2004  |2 snkbucl  |9 1513740 
611 2 7 |a Genéza miest na Slovensku a v Malopoľsku  |d (2004 :  |c Prešov, Slovensko)  |2 snkbucl  |9 1513741 
648 7 |a 26.-28.10.2004  |2 snkbucl  |9 1513742 
650 0 7 |a mestá  |z Slovensko  |x genéza  |x konferencie  |2 snkbucl  |9 1513743 
650 0 7 |a mestá  |z Malopoľsko (Poľsko)  |x genéza  |x konferencie  |2 snkbucl  |9 1513744 
650 0 7 |a genéza miest  |2 snkbucl  |9 1513745 
650 0 7 |a konferencie  |2 snkbucl  |9 19221 
651 7 |a Malopoľsko (Poľsko)  |x dejiny  |2 snkbucl  |9 620021 
651 7 |a Slovensko  |x dejiny  |2 snkbucl  |9 13278 
773 0 |t Slovenská archivistika  |g Roč. XL, č. 1 (2005), s. 211-213  |x 0231-6722 
850 |a Slovenská národná knižnica 
852 |a Slovenská národná knižnica 
954 |a odborná, vedecká literatúra pôvodná (slovenská)  |2 lita 
958 |a article7 
958 |a OND 
958 |a PL 
958 |a EUIPO 
999 |c 3030113  |d 3032043